Science Quiz

Random Science Quiz

Top 225 First Half (1-125) Quiz Stats

 Plays Quiz not verified by Sporcle

Support Sporcle.
Go Orange.
Score 0/125 Timer 15:00
0 Plays Today
Trade Name Generic Name % Correct
Amoxilamoxicillin
86.7%
Peridex, PerioGardchlorhexidine
86.7%
Tenorminatenolol
86.7%
Klor-Conpotassium chloride
86.7%
Depakote (ER)divalproex
86.7%
Topamaxtopiramate
86.7%
Risperdal (Consta, M-Tab)risperidone
86.7%
Norcohydrocodone
86.7%
Diflucanfluconazole
80%
Zoviraxacyclovir
80%
Valtrexvalacyclovir
80%
Keflexcephalexin
80%
Omnicefcefdinir
80%
Cipro (XR)ciprofloxacin
80%
Vasotecenalapril
80%
Zocorsimvastatin
80%
Coreg (CR)carvedilol
80%
Norvascamlodipine
80%
Lovenoxenoxaparin
80%
Imdur, ISMOisosorbide mononitrate
80%
Nitrostatnitroglycerin
80%
Thalidone, Hygrotonchlorthalidone
80%
Dilantin Kapsealsphenytoin sodium
80%
Adderallamphetamine salts
80%
Concerta or Ritalin (ER) or Metadate CDmethylphenidate
80%
Focalin (XR)dexmethylphenidate
80%
Skelaxinmetaxalone
80%
Tylenol with Codeine #3acetaminophen
80%
Motrinibuprofen
80%
Naprosynnaproxen
80%
Ultram (ER)tramadol
80%
Ambien (CR)zolpidem
80%
Effexor (XR)venlafaxine
80%
Zoloftsertraline
80%
Lidoderm Patcheslidocaine
80%
Flagyl, Flagyl ERmetronidazole
73.3%
Levaquinlevofloxacin
73.3%
Cleocin, Cleocin T, Evoclin, Clindagelclindamycin
73.3%
Augmentin, Augmentin XRamoxicillin + clavulanate
73.3%
Pen VK, Veetidspenicillin
73.3%
Zithromax (Z-Pak, Tri-Pak)azithromycin
73.3%
Biaxin (XL, XL Pac)clarithromycin
73.3%
Trade Name Generic Name % Correct
Tamifluoseltamivir
73.3%
Altaceramipril
73.3%
Zestril, Prinivillisinopril
73.3%
Coumadin, Jantovenwarfarin
73.3%
Lipitoratorvastatin
73.3%
Crestorrosuvastatin
73.3%
Diovanvalsartan
73.3%
Cozaarlosartan
73.3%
Trandatelabetalol
73.3%
Xareltorivaroxaban
73.3%
Eliquisapixaban
73.3%
Lasixfurosemide
73.3%
Plavixclopidogrel
73.3%
Aldactonespironolactone
73.3%
Oretic, Microzidehydrochlorothiazide
73.3%
Zofran, Zofran ODTondansetron
73.3%
Wellbutrin (SR) (XL)bupropion
73.3%
Neurontingabapentin
73.3%
Ataraxhydroxyzine hydrochloride
73.3%
Sinemet (CR)levodopa + carbidopa
73.3%
Requipropinirole
73.3%
Seroquel (XR)quetiapine
73.3%
Latudalurasidone
73.3%
Antivertmeclizine
73.3%
Xanax (XR)alprazolam
73.3%
Stratteraatomoxetine
73.3%
Somacarisoprodol
73.3%
Duragesicfentanyl
73.3%
MS Contin, MSIRmorphine sulfate
73.3%
Indocinindomethacin
73.3%
Mobicmeloxicam
73.3%
Celebrexcelecoxib
73.3%
Celexacitalopram
73.3%
Eskalith or Lithobidlithium
73.3%
Differinadapalene
73.3%
Benzaclinclindamycin
73.3%
Macrobid, Macrodantin, Furadantinnitrofurantoin
66.7%
Vibramycin, Doryx, Adoxa, Monodox, Oracea, Periostatdoxycycline
66.7%
Cordaroneamiodarone
66.7%
Pravacholpravastatin
66.7%
Zetiaezetimibe
66.7%
Toprol XLmetoprolol succinate
66.7%
Trade Name Generic Name % Correct
Lopressormetoprolol tartrate
66.7%
Inderal (LA), Innopran (XL)propranolol
66.7%
Cardizem (IR) (SR) ( CD) (LA), Tiazacdiltiazem
66.7%
Calan (IR) (SR), Isoptin SRverapamil
66.7%
Transderm-Scopscopolamine
66.7%
Abilifyaripiprazole
66.7%
Klonopinclonazepam
66.7%
Vyvanselisdexamfetamine
66.7%
Oxycontin, Roxicodoneoxycodone
66.7%
Percocet or Roxicetoxycodone
66.7%
Benzamycinerythromycin
66.7%
Ceftincefuroxime
60%
Lotensinbenazepril
60%
Catapres (TTS) Nexiclon XR, Kapvay ERclonidine
60%
Mevacor , AltoprevLovastatin
60%
Fioricetbutalbital + acetaminophen + caffeine
60%
Vistarilhydroxyzine pamoate
60%
Relpaxeletriptan
60%
Geodonziprasidone
60%
Ativanlorazepam
60%
Lexaproescitalopram
60%
Bactrim, Bactrim DS, Septra, Septra DSsulfamethoxazole + trimethoprim
53.3%
Lotrelamlodipine + benazepril
53.3%
Mirapexpramipexole
53.3%
Valiumdiazepam
53.3%
Topicortdesoximetasone
53.3%
Tegretol (XR)carbamazepine
46.7%
Lyricapregabalin
46.7%
Prozac or Sarafemfluoxetine
46.7%
Elavilamitriptyline
46.7%
Dyazide capsules or Maxzide tabletstriamterene + hctz
40%
Remeronmirtazapine
40%
Imitrexsumatriptan
40%
Toradolketorolac
40%
Zyprexaolanzapine
33.3%
Sonatazaleplon
33.3%
Cymbaltaduloxetine
33.3%
Paxil (CR), Brisdelleparoxetine
33.3%
Flexerilcyclobenzaprine
26.7%
Feldenepiroxicam
26.7%
Desyreltrazodone
6.7%

You're not logged in!

Compare scores with friends on all Sporcle quizzes.
OR
Log In

From the Vault

Groundhog Day Definitions

by NO_r_WAY

Hopefully you don't get stuck in an endless time loop.
Remove Ads.
Support Sporcle.
Get the best of Sporcle when you Go Orange. This ad-free experience offers more features, more stats, and more fun while also helping to support Sporcle. Thank you for becoming a member.

Show Comments

Extras

Created Feb 19, 2020ReportNominate
Tags:125, detail, Drug, Generic, half, trade

Top Quizzes Today


Score Distribution

Your Account Isn't Verified!

In order to create a playlist on Sporcle, you need to verify the email address you used during registration. Go to your Sporcle Settings to finish the process.

Report this User

Report this user for behavior that violates our Community Guidelines.

Details: